Invented Words: Carroll, Seuss, or Dahl Quiz Stats

 Plays Quiz Updated Mar 25, 2020

Support Sporcle.
Go Orange.
Score 0/59 Timer 04:00
2 Plays Today
Word Author % Correct
Grinch???
72.2%
Wonka-Vite???
71%
Oompa Loompa???
70.6%
Wonkavator???
69.2%
Jabberwocky???
66.2%
Scrumdiddlyumptious???
62.3%
Glumptious Globgobblers???
61.3%
Sneetches???
60.8%
Zax???
60.7%
Wocket???
59%
Thneeds???
58.7%
Sneedle???
56.3%
Brillig???
55%
Electric Fizzcockler???
54.7%
Zlock???
53.6%
Borogove???
53.2%
Once-ler???
53%
Mome Rath???
52.6%
Outgrabe???
52.5%
Bandersnatch???
51.7%
Mimsy???
51.6%
Slithy???
51.5%
Frabjous???
50%
Oobleck???
49.2%
Jubjub Bird???
49%
Chortled???
48.9%
Vermicious Knids???
48.7%
Vorpal???
48.7%
Zamp???
48.1%
Mint Jujube???
47.9%
Word Author % Correct
Gimble???
47.4%
Zillow???
47.2%
Frobscottle???
46%
Beamish???
46%
Frumious???
45.6%
Gobblefunk???
44.8%
Burbled???
44.1%
Bootboggler???
43.4%
Schlopp???
41.1%
Grickily Gructus???
41%
Galumphing???
40.9%
Swishwifflingly???
39.4%
Manxome???
39.3%
Snicker-Snack???
38.2%
Swogglewop???
37.9%
Chatbag???
37.6%
Skirtz???
37.3%
Rotsome???
36.8%
Glikker???
36.7%
Bofa???
36.1%
Fizza-Ma-Wizza-Ma-Dill???
35.9%
Chiddler???
34.4%
Vipper???
34.1%
Glubbage???
33.5%
Jertain???
32.5%
Babblement???
32%
Beft???
29.9%
Sliggy???
26.1%
Pink-Spotted Scrunch???
25.4%

You're not logged in!

Compare scores with friends on all Sporcle quizzes.
OR
Log In

From the Vault

3000 Hits Club by Photo

by puckett86

Sometimes, a picture is worth 3,000 hits.
Remove Ads.
Support Sporcle.
Get the best of Sporcle when you Go Orange. This ad-free experience offers more features, more stats, and more fun while also helping to support Sporcle. Thank you for becoming a member.

Show Comments

Extras

Top Quizzes Today


Score Distribution

Your Account Isn't Verified!

In order to create a playlist on Sporcle, you need to verify the email address you used during registration. Go to your Sporcle Settings to finish the process.

Report this User

Report this user for behavior that violates our Community Guidelines.

Details: